000 00662nam a22002297a 4500
005 20170124110034.0
010 _aA-823032
020 _c60.00
_a8170142520
035 _aA-823032
037 _bCen Lib/Ret
040 _aDPL
_bEN
082 _a657.458
_bARO
100 _aArora, M.N.
_921693
245 _aCost and management audit /
_cby M.N. Arora
250 _a2nd rev.ed
260 _aNew Delhi
_bPremier Book Company
_c1991
270 _a23, Darya Ganj
_bNew Delhi
_e110002
300 _aVarious pages
_c20cm(Hb)
650 _aAuditing
_9102017
650 _aBusiness enterprises--Finance
_915180
942 _2ddc
_cEN
_h657.458
_mARO
999 _c128089
_d128089